Stanovenie profilov po tribologickom opotrebovaní povlakovaných nástrojových ocelí

Salvato in:
Dettagli Bibliografici
Autore principale: Vlk, Ľubomír (Autore)
Altri autori: Bílek, Pavel (Relatore della tesi)
Natura: Manoscritto Libro
Lingua:slovacco
Pubblicazione: 2015
Soggetti:
Accesso online:http://is.stuba.sk/zp/portal_zp.pl?podrobnosti=96659
Tags: Aggiungi Tag
Nessun Tag, puoi essere il primo ad aggiungerne!!

MARC

LEADER 00000ntm a22000003a 4500
001 stuzp51529
003 SK-STU
005 20160719153903.1
007 ta
008 150427s2015----xo-----f-mn---000-0-slo-d
040 |a STU  |b slo 
041 0 |a slo 
100 1 |a Vlk, Ľubomír  |u 061000  |4 aut  |U MTF Materiálovotechnologická fakulta  |T MTF Ústav materiálov  |X 47228  |U M1000  |Y 81  |7 47228 
242 0 1 |a Determination of profiles after tribological wear of coated tool steels  |y eng 
245 1 0 |a Stanovenie profilov po tribologickom opotrebovaní povlakovaných nástrojových ocelí 
260 |c 2015 
650 4 |a povlak Cr2N  |2 slo 
650 4 |a prídavok striebra  |2 slo 
650 4 |a tribologický test  |2 slo 
650 4 |a rastrovacia elektrónová mikroskopia  |2 slo 
650 4 |a konfokálna mikroskopia  |2 slo 
650 4 |a tribological test  |2 eng 
650 4 |a silver addition  |2 eng 
650 4 |a scanning electron microscopy  |2 eng 
650 4 |a Cr2N coating  |2 eng 
650 4 |a confocal microscopy  |2 eng 
700 1 |a Bílek, Pavel  |4 ths  |X 60942  |7 A000060942 
856 4 |u http://is.stuba.sk/zp/portal_zp.pl?podrobnosti=96659 
996 |c M* BP-7178  |l MMSKP  |s P  |a 0  |w stuzp51529_0001 
SQL |a stuzp51529  |b DBP  |c SLO  |d Stanovenie profilov po tribologickom opotrebovaní povlakovaných nástrojových ocelí  |e 47228  |f Vlk, Ľubomír  |g 061000  |h 60942  |i Bílek, Pavel  |j 20150624  |k 665  |l 06  |m http://is.stuba.sk/zp/portal_zp.pl?podrobnosti=96659  |n B-MI  |o 5.2.26. materiály